MARC details
| 000 -CABECERA |
| campo de control de longitud fija |
01380nam a2200265 a 4500 |
| 001 - NÚMERO DE CONTROL |
| campo de control |
000021098 |
| 003 - IDENTIFICADOR DEL NÚMERO DE CONTROL |
| campo de control |
DO-SdBNP |
| 005 - FECHA Y HORA DE LA ÚLTIMA TRANSACCIÓN |
| campo de control |
20250602113834.0 |
| 007 - CAMPO FIJO DE DESCRIPCIÓN FÍSICA--INFORMACIÓN GENERAL |
| campo de control de longitud fija |
ta |
| 008 - DATOS DE LONGITUD FIJA--INFORMACIÓN GENERAL |
| campo de control de longitud fija |
100831s1994 dr a 001 0 spa d |
| 040 ## - FUENTE DE LA CATALOGACIÓN |
| Centro catalogador/agencia de origen |
DO-SdBNP |
| Lengua de catalogación |
spa |
| Centro/agencia transcriptor |
BNPHU |
| 082 #4 - NÚMERO DE LA CLASIFICACIÓN DECIMAL DEWEY |
| Número de clasificación |
972.9302 |
| Número de documento/Ítem |
S593v |
| Número de edición |
22 |
| 100 1# - ENTRADA PRINCIPAL--NOMBRE DE PERSONA |
| Nombre de persona |
Simó, Dennis |
| 9 (RLIN) |
26929 |
| 245 10 - MENCIÓN DE TÍTULO |
| Título |
Vientos alisios : |
| Resto del título |
pinceladas del descubrimiento / |
| Mención de responsabilidad, etc. |
Dennis Simó. |
| 260 ## - PUBLICACIÓN, DISTRIBUCIÓN, ETC. |
| Lugar de publicación, distribución, etc. |
Santo Domingo : |
| Nombre del editor, distribuidor, etc. |
Corripio, |
| Fecha de publicación, distribución, etc. |
1994. |
| 300 ## - DESCRIPCIÓN FÍSICA |
| Extensión |
79 p. : |
| Otras características físicas |
ilustraciones y retratos. ; |
| Dimensiones |
23 cm. |
| 500 ## - NOTA GENERAL |
| Nota general |
Incluye datos biográficos del autor en la contracubierta. |
| 505 0# - NOTA DE CONTENIDO CON FORMATO |
| Nota de contenido con formato |
Presentación |
| Mención de responsabilidad |
Juan Daniel Balcácer -- |
| Título |
Los vikingos -- |
| -- |
Isabel asalta el poder -- |
| -- |
Unificación del reino de España -- |
| -- |
Expulsión de los Judíos de España -- |
| -- |
Motivo del descubrimiento -- |
| -- |
Vientos alisios -- |
| -- |
In Nomine Nostri Jesus Christi -- |
| -- |
Descubrimiento de la Española -- |
| -- |
Ciertos rasgos de los aborígenes -- |
| -- |
Ego Vox Clamantis in Deserto -- |
| -- |
Anacaona -- |
| Información miscelánea |
A manera de conclusión. |
| 590 ## - NOTA LOCAL (RLIN) |
| Nota local |
Inventariado, 2021 / DG |
| 651 #0 - PUNTO DE ACCESO ADICIONAL DE MATERIA--NOMBRE GEOGRÁFICO |
| Nombre geográfico |
América del Sur |
| Subdivisión general |
Historia |
| Subdivisión cronológica |
Guerras de Independencia, 1806-1830 |
| Subdivisión geográfica |
Españoles |
| Subdivisión de forma |
Ensayo, conferencias, etc. |
| 9 (RLIN) |
4537 |
| 651 #4 - PUNTO DE ACCESO ADICIONAL DE MATERIA--NOMBRE GEOGRÁFICO |
| Nombre geográfico |
España |
| Subdivisión general |
Historia |
| Subdivisión cronológica |
711-1516 |
| 9 (RLIN) |
15648 |
| 651 #0 - PUNTO DE ACCESO ADICIONAL DE MATERIA--NOMBRE GEOGRÁFICO |
| Nombre geográfico |
República Dominicana -- |
| Subdivisión general |
Historia -- |
| Subdivisión cronológica |
Descubrimiento y conquista, 1492-1503 |
| 9 (RLIN) |
255 |
| 910 ## - DATOS DE OPCIÓN DEL USUARIO (OCLC) |
| Datos de opción del usuario |
Validado. Control de la calidad EMS. |
| 942 ## - ELEMENTOS DE PUNTO DE ACCESO ADICIONAL (KOHA) |
| Fuente del sistema de clasificación o colocación |
Dewey Decimal Classification |
| Tipo de ítem Koha |
Libro |